|
|
|
|
| LEADER |
00000nam a22000000i 4500 |
| 001 |
vtls009751031 |
| 003 |
SK-MaSNL |
| 005 |
20260302010330.0 |
| 008 |
170420s2000 DE a r 000 ger |
| 020 |
|
|
|a 3980077861
|c 50.-DM
|
| 035 |
|
|
|a (SVKBBclas03)vtls000115962
|
| 035 |
|
|
|a urn:nbn:sk:snk-amli0v
|
| 035 |
|
|
|a urn:nbn:sk:snk-am00bp4n
|
| 035 |
|
|
|a 54607FE6-CAD4-43A0-A142-3687A6D67B9B
|
| 035 |
|
|
|a urn:nbn:sk:snk-am00bowx
|
| 035 |
|
|
|a F024BB86-5F6F-4AD5-A701-471C123956D4
|
| 040 |
|
|
|a SNK
|b slo
|c SNK
|e AACR2
|
| 041 |
0 |
|
|a ger
|
| 044 |
|
|
|a DE
|
| 080 |
|
|
|a 391 Kar
|2 1981
|
| 245 |
0 |
0 |
|a Karpatendeutsche Trachten und Tänze
|c zusammengestellt Isidor Lasslob; Texte und Zeichnungen Elisabeth Mikolik, Angelika Kurbel, Johanna Würch
|
| 260 |
|
|
|a Stuttgart
|b Arbeitsgemeinschaft der Karpatendeutschen aus der Slowakei
|c 2000
|
| 300 |
|
|
|a 120 S.
|b Ill.
|
| 650 |
0 |
7 |
|a kroje karpatskonemecké
|z Slovensko.
|2 h ŠVKBB
|9 649022
|
| 650 |
0 |
7 |
|a tance karpatskonemecké
|z Slovensko.
|2 h ŠVKBB
|9 649023
|
| 700 |
1 |
|
|a Lasslob, Isidor.
|4 aut
|9 530427
|
| 700 |
1 |
|
|a Mikolik, Elisabeth.
|4 aut
|9 649024
|
| 700 |
1 |
|
|a Kurbel, Angelika.
|4 aut
|9 649025
|
| 700 |
1 |
|
|a Würch, Johanna.
|4 aut
|9 649026
|
| 919 |
|
|
|a 3980077861
|
| 958 |
|
|
|a OND
|
| 999 |
|
|
|c 1002716
|d 1004646
|
| 952 |
|
|
|a SNK
|b SNK
|y VYP
|7 0
|p 17A1345341
|o snkSB 47940/príl. 1 D1
|i snkV 3296/91
|8 2
|3 Obsahuje: 1ks prilohy (strihový vzor)
|z Obsahuje: 1ks prilohy (strihový vzor)
|0 0
|1 0
|4 0
|d 2021-03-09
|l 0
|r 2026-02-24 12:25:41
|w 2026-02-24
|
| 952 |
|
|
|a SNK
|b SNK
|y PREZ
|7 0
|p 17A0807226
|o snkSB 47940
|i snkV 1303/91
|8 2
|0 0
|1 0
|4 0
|d 2012-07-10
|f 1
|l 0
|r 2025-02-13 00:00:00
|w 2026-02-24
|
| 952 |
|
|
|t Príloha Strihy
|a SNK
|b SNK
|y PREZ
|7 0
|p 17A1051624
|o snkSB 47940/príl.
|i snkV 1303/91
|3 Príloha strihy
|0 0
|1 0
|4 0
|d 2012-10-19
|f 1
|l 0
|r 2025-02-13 00:00:00
|w 2026-02-24
|
| 952 |
|
|
|a SNK
|b SNK
|y VYP
|7 0
|p 17A0149515
|o snkSB 47940 D1
|i snkV 3296/91
|8 2
|3 Obsahuje: 2ks prilohy (strihový vzor)
|z Obsahuje: 2ks prilohy (strihový vzor)
|0 0
|1 0
|4 0
|d 1998-07-14
|l 0
|r 2005-01-01 00:00:00
|w 2026-02-24
|
| 952 |
|
|
|a SNK
|b SNK
|y VYP
|7 0
|p 17A1345340
|o snkSB 47940/príl. 2 D1
|i snkV 3296/91
|8 2
|3 Obsahuje: 1ks prilohy (strihový vzor)
|z Obsahuje: 1ks prilohy (strihový vzor)
|0 0
|1 0
|4 0
|d 2021-06-10
|l 0
|r 2026-02-24 12:25:41
|w 2026-02-24
|